Critical and comparative grammar of the Cuna language / (Record no. 52784)

MARC details
000 -LEADER
fixed length control field 00850cam a2200241 a 4500
001 - CONTROL NUMBER
control field s 47000083
003 - CONTROL NUMBER IDENTIFIER
control field DLC
005 - DATE AND TIME OF LATEST TRANSACTION
control field 20260227111912.0
008 - FIXED-LENGTH DATA ELEMENTS--GENERAL INFORMATION
fixed length control field 821110s1947 sw b 000 0 eng
010 ## - LIBRARY OF CONGRESS CONTROL NUMBER
LC control number s 47000083
040 ## - CATALOGING SOURCE
Original cataloging agency DLC
Transcribing agency DLC
Modifying agency DLC
050 00 - LIBRARY OF CONGRESS CALL NUMBER
Classification number GN2
Item number .G6 vol. 14
Classification number PM3743
082 00 - DEWEY DECIMAL CLASSIFICATION NUMBER
Classification number 306 s
-- 498/.2
Edition number 19
100 1# - MAIN ENTRY--PERSONAL NAME
Personal name Holmer, Nils Magnus,
Dates associated with a name 1904-
245 10 - TITLE STATEMENT
Title Critical and comparative grammar of the Cuna language /
Statement of responsibility, etc. by Nils M. Holmer.
260 ## - PUBLICATION, DISTRIBUTION, ETC.
Place of publication, distribution, etc. Göteborg :
Name of publisher, distributor, etc. [Etnografiska Museet],
Date of publication, distribution, etc. 1947.
300 ## - PHYSICAL DESCRIPTION
Extent 219 p. ;
Dimensions 25 cm.
440 #0 - SERIES STATEMENT/ADDED ENTRY--TITLE
Title Etnologiska studier ;
Volume/sequential designation v. 14
500 ## - GENERAL NOTE
General note "The nucleus on which I base ... this grammar consists of the private notes of Dr. Izikowitz"--5th prelim. leaf.
504 ## - BIBLIOGRAPHY, ETC. NOTE
Bibliography, etc. note Bibliography: p. [218]-219.
650 #0 - SUBJECT ADDED ENTRY--TOPICAL TERM
Topical term or geographic name entry element Cuna language
General subdivision Grammar.
700 1# - ADDED ENTRY--PERSONAL NAME
Personal name Izikowitz, Karl Gustav,
Dates associated with a name 1903-1984.

No items available.

Powered by Koha